|
|
|
|
| LEADER |
00000naa2a2200000 4500 |
| 001 |
426060 |
| 005 |
20231101074503.0 |
| 035 |
|
|
|a (RuTPU)RU\TPU\prd\84734
|
| 035 |
|
|
|a RU\TPU\prd\30123
|
| 090 |
|
|
|a 426060
|
| 100 |
|
|
|a 20100628a2004 k y0rusy50 ca
|
| 101 |
0 |
|
|a rus
|
| 102 |
|
|
|a RU
|
| 200 |
1 |
|
|a Опасность горения натриевого теплоносителя
|f В. М. Поплавский, Ю. Е. Багдасаров, А. А. Камаев и др.
|
| 320 |
|
|
|a Библиогр.: 8 назв.
|
| 461 |
|
1 |
|0 (RuTPU)RU\TPU\prd\33
|x 0004-7163
|t Атомная энергия
|o теоретический и научно-технический журнал
|f Российская академия наук ; Министерство РФ по атомной энергии, ядерного общества
|d 1956-
|
| 463 |
|
1 |
|0 (RuTPU)RU\TPU\prd\84729
|t Т. 96, вып. 5
|v с. 355-361
|d 2004
|
| 610 |
1 |
|
|a натриевые теплоносители
|
| 610 |
1 |
|
|a горение
|
| 610 |
1 |
|
|a горючие вещества
|
| 610 |
1 |
|
|a радиационные характеристики
|
| 610 |
1 |
|
|a быстрые ядерные реакторы
|
| 610 |
1 |
|
|a аварии
|
| 610 |
1 |
|
|a пожарная опасность
|
| 610 |
1 |
|
|a гипотетические сценарии
|
| 610 |
1 |
|
|a анализ
|
| 675 |
|
|
|a 621.039.526
|v 3
|
| 701 |
|
1 |
|a Поплавский
|b В. М.
|
| 701 |
|
1 |
|a Багдасаров
|b Ю. Е.
|
| 701 |
|
1 |
|a Камаев
|b А. А.
|
| 701 |
|
1 |
|a Цикунов
|b А.Г.
|
| 701 |
|
1 |
|a Зыбин
|b В. А.
|
| 701 |
|
1 |
|a Иваненко
|b В. Н.
|
| 801 |
|
1 |
|a RU
|b 63413507
|c 20041119
|g PSBO
|
| 801 |
|
2 |
|a RU
|b 63413507
|c 20100628
|g RCR
|
| 942 |
|
|
|c BK
|